000 00747nam a2200241Ia 4500
003 OSt
005 20220926015010.0
006 a|||||r|||| 00| 0
007 ta
008 220923b |||||||| |||| 00| 0 eng d
037 _cGeneral Book
040 _aRTL
_cRTL
_beng
041 _2eng
_aeng
082 _aX:9p73,N59, J9
110 _aNational Industrial Conference Board (New York)
_9321460
245 0 _aStatements of personnel policy
260 _aNew York
_bNational Industrial Copnference Board U. S. A.
_c1959
300 _a87p.
_ccm.
650 _aLabour Economics
_921364
700 _aNational Industrial Conference Board (New York)
_9321461
942 _hX:9p73,N59, J9
_cGB
_2CC
999 _c630338
_d630338